00365 a2200109 4500001001000000005001700010008004100027245010200068100002200170700001800192773004500210ART_4945720260410162042.0260409a 10aEl IVA en la construcción sobre inmueble propio y los anticipos y/o señas que congelan precio1 aReynoso, Julio C.1 aStok, Leandro0 tImpuestosg- N°55 (jul. 2019)wREV45175